Library Banner

Nutrition in sport / (Record no. 134550)

MARC details
000 -LEADER
fixed length control field 00452nam a2200169 4500
005 - DATE AND TIME OF LATEST TRANSACTION
control field 20240723111056.0
008 - FIXED-LENGTH DATA ELEMENTS--GENERAL INFORMATION
fixed length control field 240723b |||||||| |||| 00| 0 eng d
020 ## - INTERNATIONAL STANDARD BOOK NUMBER
International Standard Book Number 0632050942
040 ## - CATALOGING SOURCE
Transcribing agency PK-LaUMT
082 ## - DEWEY DECIMAL CLASSIFICATION NUMBER
Classification number 616.390088796
Item number NUT-
245 ## - TITLE STATEMENT
Title Nutrition in sport /
Statement of responsibility, etc edited by Ronald J. Maughan
260 ## - PUBLICATION, DISTRIBUTION, ETC. (IMPRINT)
Place of publication, distribution, etc Maldon :
Name of publisher, distributor, etc Blackwell Science,
Date of publication, distribution, etc 2000
300 ## - PHYSICAL DESCRIPTION
Extent 680 p.
650 ## - SUBJECT ADDED ENTRY--TOPICAL TERM
Topical term or geographic name as entry element Nutrition
650 ## - SUBJECT ADDED ENTRY--TOPICAL TERM
Topical term or geographic name as entry element Energy metabolism
942 ## - ADDED ENTRY ELEMENTS (KOHA)
Koha item type Books
Holdings
Withdrawn status Lost status Damaged status Home library Current library Date acquired Full call number Barcode Date last seen Price effective from Koha item type
      UMT Health Sciences Campus UMT Health Sciences Campus 2024-07-23 616.390088796 NUT- 147078 2024-07-23 2024-07-23 Books